Racionalizácia väzieb medzi jednotlivými prvkami a nástrojmi plánovitého riadenia investičného procesu správa za 4. etapu riešenia čiastkovej úlohy SPEV I-4/2.1

Guardado en:
Detalles Bibliográficos
Formato: Libro
Lenguaje:eslovaco
Publicado: Bratislava Vysoká škola ekonomická 1979
Etiquetas: Agregar Etiqueta
Sin Etiquetas, Sea el primero en etiquetar este registro!

MARC

LEADER 00000nam a2200000 4500
001 c141077
005 20250703084330.5
041 0 |a slo 
044 |a SK 
245 1 0 |a Racionalizácia väzieb medzi jednotlivými prvkami a nástrojmi plánovitého riadenia investičného procesu  |b správa za 4. etapu riešenia čiastkovej úlohy SPEV I-4/2.1 
264 1 |a Bratislava  |b Vysoká škola ekonomická  |c 1979 
300 |a 56 s.